000 00976cad a22002055a 4500
001 L149913
008 100517e2010 xxk 000 0 eng d
035 _a(Sirsi) u149913
041 0 _aeng
245 0 0 _aNg v Ashley King (Developments) Ltd
_h[electronic resource]
260 _c2010
520 _a[2010] EWHC 456 (Ch), 11 March 2010. Concerned with whether a deposit paid on a sale has to taken into account when calculating the damages recoverable from a buyer for a failure to complete a sale. Contract incorporated Standard Conditions of Sale 4th edition. "Held" application for damages allowed including interest for delay in paying deposit.
590 _aKA
650 2 4 _aNG v ASHLEY KING (DEVELOPMENTS) LTD
650 2 4 _aSTANDARD CONDITIONS OF SALE
651 4 _aEngland and Wales
_y1543-
690 _aResidential property
_96266
856 4 8 _uhttps://www.bailii.org/ew/cases/EWHC/Ch/2010/456.htm
_zView this item free of charge at www.bailii.org
942 _n0
999 _c82322
_d82322